LEADER 01047nam0-22003371i-450- 001 990003966450403321 005 20030924162501.0 010 $a0-06-099486-X 035 $a000396645 035 $aFED01000396645 035 $a(Aleph)000396645FED01 035 $a000396645 100 $a20030924d--------km-y0itay50------ba 101 0 $aeng 102 $aUS 105 $a--------001cy 200 1 $a<>professor and the madman$ea tale of murder, insanity, and the making of the Oxford english dictionary$fSimon Winchester 205 $a1. ed. 210 $aNew York$cHarperCollins publishers$d1998 215 $axiii, 242 p.$d20 cm 305 $aFirst HarperPerennial edition published 1999 610 0 $aDizionario inglese di Oxford$aNascita$aStoria 676 $a423$v21$zita 700 1$aWinchester,$bSimon$f<1944- >$0149337 801 0$aIT$bUNINA$gRICA$2UNIMARC 901 $aBK 912 $a990003966450403321 952 $a423 WIN 1$b1980$fBFS 959 $aBFS 996 $aProfessor and the madman$9512541 997 $aUNINA